Impressions (2002) clarinet in B

Bibliographic Details
Main Author: Steinecker, Anton, 1971- (skl)
Format: Musical Score Book
Language:Undetermined
PhysicalDescription:1 partitúra (7 s.) 30 cm
Published: Bratislava Hudobný fond 2004
ISBN:8080512426
Edition:1. vyd.
Subjects:

MARC

LEADER 00000ncm a2200000 a 4500
001 vtls001477491
003 SK-MaSNL
005 20260331204350.0
008 160801s2004 xo by 0 und
015 |a SNBH2004/04-01645 
020 |a 8080512426 
035 |a SNK000432791 
040 |a SNK  |b slo  |c SNK  |e AACR2 
044 |a xo  |c SK 
072 7 |a 788  |2 konspekt 
080 |a 788  |2 1981 
080 |a 788.6  |2 1981 
080 |a 78.083.6  |2 1981 
080 |a 788.6.087.1  |2 2. slo 
100 1 |a Steinecker, Anton,  |d 1971-  |4 skl  |9 100412 
245 1 |a Impressions (2002)  |h hudobnina  |b clarinet in B  |c Anton Steinecker 
250 |a 1. vyd. 
260 |a Bratislava  |b Hudobný fond  |c 2004 
300 |a 1 partitúra (7 s.)  |c 30 cm 
500 |a 500 výt. 
650 0 7 |a skladby (klarinet)  |2 SNK  |9 661687 
650 0 7 |a komorná hudba  |x klarinet B  |2 SNK  |9 738188 
650 0 7 |a hudba pre dychové nástroje  |2 konspekt  |9 3380 
650 0 7 |a drobné skladby  |2 SNK  |9 85868 
655 7 |a HHU  |2 SNK  |9 283804 
655 7 |a partitúry  |2 SNK  |9 70123 
919 |a 80-8051-242-6 
924 |a klarinet B 
999 |c 1161439  |d 1163369 
952 |t P60, <03>, [BOOK], {603}  |a SNK  |b SNK  |y PREZ  |7 0  |p 17A0435207  |o snkHSB 3816  |i snkKSP 8554/2004  |0 0  |1 0  |4 0  |d 2004-06-28  |l 0  |r 2005-01-02 00:00:00  |w 2026-02-24 
952 |t P60, <04>, [BOOK], {604}  |a SNK  |b SNK  |y VYP  |7 0  |p 17A0435208  |o snkHSB 3816 D1  |i snkKSP 8555/2004  |0 0  |1 0  |4 0  |d 2004-06-28  |l 0  |r 2005-01-02 00:00:00  |w 2026-02-24